000 00610nam a2200253Ia 4500
005 20260121155341.0
008 008 260114s9999 xx 000 0 eng d
020 _a9780429429293
037 _aEBOOK
040 _aCRL
040 _beng
040 _cCRL
041 _2eng
041 _aeng
084 _qCRL
100 _a Bijan Vasigh; Zane C. Rowe
_91018447
245 0 _aFoundations of Airline Finance
260 _bTaylor and Francis
260 _c2020
856 _uhttp://www.taylorfrancis.com/books/9780429429293
942 _cEBOOK
999 _c1585266
_d1585266